000 00420nam a2200169Ia 4500
008 230711s9999||||xx |||||||||||||| ||und||
020 _a978-81-317-1118-7
041 _aENG
082 _a620.5
_bFO-N
100 _aFoster,Lynn E
245 0 _aNanotechnology : Science,Innovationas and Opportunity
250 _a1st Ed.
260 _c2007
_aNew Delhi
_bPearson
300 _a283p.
650 _aChemistry
942 _cBK
999 _c6172
_d6172